[Event "12. Obert Int. Sant Marti 2010"]
[Site "Barcelona ESP"]
[Date "2010.07.15"]
[Round "3.3"]
[White "Gongora Reyes, Maikel"]
[Black "Gonzalez Rodriguez, Jorge A"]
[Result "1-0"]
[WhiteElo "2451"]
[BlackElo "2409"]
[PlyCount "145"]
[EventDate "2010.07.13"]
[EventType "swiss"]
[EventRounds "9"]
[EventCountry "ESP"]
[SourceTitle "Ajedrez en Madrid"]
[Source "lmi"]
[SourceDate "2010.07.13"]
[SourceVersion "1"]
[SourceVersionDate "2019.06.18"]
[SourceQuality "1"]

1. d4 Nf6 2. c4 e6 3. g3 Bb4+ 4. Bd2 Qe7 5. Bg2 O-O 6. Nf3 d5 7. Qc2 c6 8. O-O
Bxd2 9. Nbxd2 Nbd7 10. e4 Rd8 11. Rfe1 Nxe4 12. Nxe4 dxe4 13. Qxe4 Nf6 14. Qe3
Bd7 15. Rad1 Be8 16. Ne5 Nd7 17. c5 Nf6 18. Nc4 Nd5 19. Qa3 b5 20. Nd6 a5 21.
Bxd5 cxd5 22. Qb3 Bc6 23. f4 Qf6 24. Re5 g6 25. Qe3 h5 26. Rg5 b4 27. Rf1 Kf8
28. Qe5 Ke7 29. Re1 Ra7 30. Rxh5 Qxe5 31. Rhxe5 Rh8 32. Kg2 Raa8 33. h4 a4 34.
Kf3 Rh7 35. Kf2 Kd7 36. R1e2 Kc7 37. Ke1 Bd7 38. R5e3 Rg8 39. Kf2 Rb8 40. Kf3
Rg8 41. Re1 Rgh8 42. R3e2 Rg8 43. Rh1 f5 44. Rhe1 Re7 45. Re3 Rh8 46. R1e2 Rh5
47. a3 b3 48. Kf2 Rh8 49. Ke1 Kc6 50. Kf2 Kc7 51. Kf3 Kc6 52. Re1 Kc7 53. Rh1
Reh7 54. Re2 Kc6 55. Reh2 Kc7 56. Re1 Kc6 57. Re5 Kc7 58. Kg2 Kc6 59. Kh3 Kc7
60. Rhe2 Re7 61. Rxd5 Kc6 62. Rde5 Rg7 63. Kg2 Kc7 64. Kf2 Rd8 65. Ke3 Kc6 66.
Kd3 Kc7 67. Kc4 Kc6 68. Kc3 Kc7 69. Nc4 g5 70. hxg5 Rh8 71. Nb6 Rh3 72. R5e3
Bb5 73. Rd2 1-0

[Event "12. Obert Int. Sant Marti 2010"]
[Site "Barcelona ESP"]
[Date "2010.07.15"]
[Round "3.4"]
[White "Moskalenko, Viktor"]
[Black "Asis Gargatagli, Hipolit"]
[Result "1-0"]
[WhiteElo "2565"]
[BlackElo "2406"]
[PlyCount "44"]
[EventDate "2010.07.13"]
[EventType "swiss"]
[EventRounds "9"]
[EventCountry "ESP"]
[SourceTitle "Ajedrez en Madrid"]
[Source "lmi"]
[SourceDate "2010.07.13"]
[SourceVersion "1"]
[SourceVersionDate "2019.06.18"]
[SourceQuality "1"]

1. d4 Nf6 2. c4 g6 3. Nc3 d5 4. Nf3 Bg7 5. e3 O-O 6. b4 Be6 7. Qb3 a5 8. b5 c5
9. Bb2 Nbd7 10. Na4 Rc8 11. Rc1 cxd4 12. Nxd4 dxc4 13. Bxc4 Rxc4 14. Rxc4 Bxc4
15. Qxc4 Ne5 16. Qb3 Ne4 17. Qc2 Qd5 18. O-O Qxa2 19. Qxe4 Qxa4 20. Qxb7 Nc4
21. Ba1 Nd6 22. Qxe7 Nxb5 1-0

[Event "12. Obert Int. Sant Marti 2010"]
[Site "Barcelona ESP"]
[Date "2010.07.15"]
[Round "3.5"]
[White "Gomez Jurado, Luis Alberto"]
[Black "Perez Mitjans, Orelvis"]
[Result "0-1"]
[WhiteElo "2287"]
[BlackElo "2424"]
[PlyCount "75"]
[EventDate "2010.07.13"]
[EventType "swiss"]
[EventRounds "9"]
[EventCountry "ESP"]
[SourceTitle "Ajedrez en Madrid"]
[Source "lmi"]
[SourceDate "2010.07.13"]
[SourceVersion "1"]
[SourceVersionDate "2019.06.18"]
[SourceQuality "1"]

1. d4 d5 2. c4 c6 3. e3 Nf6 4. Nf3 a6 5. Bd3 e6 6. Nbd2 c5 7. cxd5 exd5 8. O-O
Nc6 9. b3 cxd4 10. exd4 Be7 11. Bb2 Bg4 12. a3 Qb6 13. Re1 O-O 14. Qb1 Bxf3 15.
Nxf3 Qxb3 16. Re3 Qb6 17. Ne5 Rfe8 18. Rh3 h6 19. Rg3 Bd6 20. Qc1 Kf8 21. Rb1
Rac8 22. Qf4 Bxe5 23. dxe5 Nh5 24. e6 Nxf4 25. Bxg7+ Ke7 26. Rxb6 Na5 27. h4
Rg8 28. Rf3 Rxg7 29. Rxf4 fxe6 30. g3 Rc6 31. Rb1 Rc3 32. Bf1 Rxa3 33. Bh3 Rc3
34. Re1 Rc6 35. Rd4 Rd6 36. Kh2 Nc4 37. f4 b5 38. g4 0-1

[Event "12. Obert Int. Sant Marti 2010"]
[Site "Barcelona ESP"]
[Date "2010.07.15"]
[Round "3.6"]
[White "Matnadze, Ana"]
[Black "Gonzalez Valenzuela, Didac"]
[Result "1-0"]
[WhiteElo "2422"]
[BlackElo "2156"]
[PlyCount "51"]
[EventDate "2010.07.13"]
[EventType "swiss"]
[EventRounds "9"]
[EventCountry "ESP"]
[SourceTitle "Ajedrez en Madrid"]
[Source "lmi"]
[SourceDate "2010.07.13"]
[SourceVersion "1"]
[SourceVersionDate "2019.06.18"]
[SourceQuality "1"]

1. d4 Nf6 2. Nf3 g6 3. g3 Bg7 4. Bg2 O-O 5. O-O d5 6. c4 dxc4 7. Na3 Nc6 8.
Nxc4 Be6 9. b3 Bd5 10. Bb2 a5 11. Ne3 Be4 12. a3 Qc8 13. Qc1 Rd8 14. Rd1 Ra6
15. Bf1 Nb8 16. Ne5 b5 17. Qc5 Nd5 18. Nxd5 Bxd5 19. Qxe7 Bf8 20. Qh4 Bxb3 21.
Rdc1 Rad6 22. e4 b4 23. axb4 axb4 24. d5 Qb7 25. Nxf7 Kxf7 26. Rxc7+ 1-0

[Event "12. Obert Int. Sant Marti 2010"]
[Site "Barcelona ESP"]
[Date "2010.07.15"]
[Round "3.7"]
[White "Lorenzo De La Riva, Lazaro"]
[Black "Menac Comas, Joan Ramon"]
[Result "1-0"]
[WhiteElo "2407"]
[BlackElo "2198"]
[PlyCount "61"]
[EventDate "2010.07.13"]
[EventType "swiss"]
[EventRounds "9"]
[EventCountry "ESP"]
[SourceTitle "Ajedrez en Madrid"]
[Source "lmi"]
[SourceDate "2010.07.13"]
[SourceVersion "1"]
[SourceVersionDate "2019.06.18"]
[SourceQuality "1"]

1. c4 Nf6 2. Nc3 c5 3. g3 g6 4. Bg2 Bg7 5. e4 Nc6 6. Nge2 O-O 7. d3 d6 8. h3 a6
9. O-O e6 10. Be3 Qc7 11. Rc1 Rd8 12. f4 b6 13. g4 Nd7 14. Qd2 Bb7 15. Ng3 Nd4
16. Nce2 Nf8 17. f5 Qe7 18. Nxd4 cxd4 19. Bh6 Be5 20. Ne2 Re8 21. f6 Bxf6 22.
Rxf6 Qxf6 23. e5 Qe7 24. Bg5 f6 25. exf6 Qf7 26. Bxb7 Qxb7 27. Rf1 Kf7 28. Bh4
Ra7 29. Qh6 e5 30. Qg7+ Ke6 31. Nxd4+ 1-0

[Event "12. Obert Int. Sant Marti 2010"]
[Site "Barcelona ESP"]
[Date "2010.07.15"]
[Round "3.8"]
[White "Rabinovich, Anton"]
[Black "Beltran Rueda, Santiago"]
[Result "0-1"]
[WhiteElo "2007"]
[BlackElo "2369"]
[PlyCount "118"]
[EventDate "2010.07.13"]
[EventType "swiss"]
[EventRounds "9"]
[EventCountry "ESP"]
[SourceTitle "Ajedrez en Madrid"]
[Source "lmi"]
[SourceDate "2010.07.13"]
[SourceVersion "1"]
[SourceVersionDate "2019.06.18"]
[SourceQuality "1"]

1. d4 Nf6 2. c4 c5 3. d5 b5 4. cxb5 a6 5. Nc3 axb5 6. e4 b4 7. Nb5 d6 8. Bc4 g6
9. e5 dxe5 10. d6 Na6 11. Bg5 Bg7 12. Nf3 O-O 13. Nxe5 exd6 14. Qxd6 Qxd6 15.
Nxd6 Be6 16. Bxe6 fxe6 17. O-O Nd5 18. Nec4 Nac7 19. a4 bxa3 20. Rxa3 Rab8 21.
b3 Nb5 22. Ra5 Nxd6 23. Nxd6 Bd4 24. Nb5 Be5 25. Bh4 Rb6 26. Rc1 Rc8 27. Na7
Ra8 28. Nc6 Rxa5 29. Nxa5 Bc3 30. Bd8 Rb8 31. Nc6 Rxb3 32. g3 Ra3 33. Kg2 Kf7
34. Rb1 Nb4 35. Na5 Ke8 36. Bb6 Nd3 37. Nc4 Ra2 38. Nd6+ Ke7 39. Ne4 Bd4 40.
Rb5 Nxf2 41. Bxc5+ Bxc5 42. Nxc5 Ng4+ 43. Kh3 h5 44. Kh4 Nxh2 45. Kg5 Rg2 46.
Ne4 Nf1 47. Rb7+ Kd8 48. Kxg6 h4 49. Kf6 Nxg3 50. Ng5 Nh5+ 51. Kg6 h3 52. Rb8+
Kd7 53. Rh8 Nf4+ 54. Kf6 Nd5+ 55. Kg6 h2 56. Rh4 Ne7+ 57. Kh5 Nf5 58. Rh3 h1=Q
59. Rxh1 Ng3+ 0-1

[Event "12. Obert Int. Sant Marti 2010"]
[Site "Barcelona ESP"]
[Date "2010.07.15"]
[Round "3.9"]
[White "Avila Jimenez, Javier"]
[Black "Oms Fuentes, Lluis"]
[Result "1/2-1/2"]
[WhiteElo "2240"]
[BlackElo "2360"]
[PlyCount "163"]
[EventDate "2010.07.13"]
[EventType "swiss"]
[EventRounds "9"]
[EventCountry "ESP"]
[SourceTitle "Ajedrez en Madrid"]
[Source "lmi"]
[SourceDate "2010.07.13"]
[SourceVersion "1"]
[SourceVersionDate "2019.06.18"]
[SourceQuality "1"]

1. d4 d5 2. c4 e6 3. Nf3 c5 4. cxd5 exd5 5. g3 Nc6 6. Bg2 Nf6 7. O-O cxd4 8.
Nxd4 Be7 9. Nc3 O-O 10. Be3 Re8 11. Rc1 Bg4 12. Re1 Qd7 13. Nxc6 bxc6 14. Na4
Bb4 15. Bd2 Bd6 16. a3 Rac8 17. Be3 Bh3 18. Bh1 Qf5 19. Qd3 Qh5 20. f3 Bf5 21.
Qd2 Qg6 22. Bf2 Bb8 23. Nc5 h5 24. Bg2 h4 25. gxh4 Nh5 26. Nd3 Qd6 27. f4 Bxd3
28. exd3 Rxe1+ 29. Rxe1 Nxf4 30. Bg3 Qf6 31. Qf2 Nxd3 32. Qxf6 gxf6 33. Re2 Be5
34. b4 Bxg3 35. hxg3 Ne5 36. Rc2 Rd8 37. Kf1 Nc4 38. Kf2 Rd6 39. Rc3 Kg7 40.
Bf1 Ne5 41. Be2 d4 42. Rc5 Kg6 43. Ra5 Rd7 44. g4 Kg7 45. Rc5 Rd6 46. Ra5 d3
47. Bd1 d2 48. Rxa7 Nd3+ 49. Ke2 Nb2 50. Re7 Rd4 51. Rc7 Rd6 52. Re7 f5 53.
gxf5 Kf6 54. Rc7 Kxf5 55. Rxf7+ Kg4 56. a4 Kxh4 57. a5 Rd4 58. a6 Nxd1 59. Kxd1
Rxb4 60. a7 Rb1+ 61. Kxd2 Ra1 62. Kc3 Kg5 63. Kb4 Kg6 64. Rc7 Kf5 65. Kc5 Ra6
66. Kd6 Ke4 67. Kc5 Kd3 68. Rg7 Kc3 69. Rh7 Kd3 70. Rg7 Kc3 71. Re7 Kc2 72. Kb4
Kb2 73. Rc7 Ka2 74. Kc3 Ra4 75. Rb7 c5 76. Rh7 c4 77. Rh2+ Ka1 78. Rh7 Ka2 79.
Kc2 Ka1 80. Kc3 Ka2 81. Rc7 Ka3 82. Rxc4 1/2-1/2

[Event "12. Obert Int. Sant Marti 2010"]
[Site "Barcelona ESP"]
[Date "2010.07.15"]
[Round "3.11"]
[White "Sharaibi, Olufemi"]
[Black "Gonzalez Perez, Arian"]
[Result "0-1"]
[WhiteElo "2104"]
[BlackElo "2403"]
[PlyCount "48"]
[EventDate "2010.07.13"]
[EventType "swiss"]
[EventRounds "9"]
[EventCountry "ESP"]
[SourceTitle "Ajedrez en Madrid"]
[Source "lmi"]
[SourceDate "2010.07.13"]
[SourceVersion "1"]
[SourceVersionDate "2019.06.18"]
[SourceQuality "1"]

1. d4 Nf6 2. Nf3 g6 3. c3 Bg7 4. Bg5 d6 5. Nbd2 h6 6. Bh4 g5 7. Bg3 Nh5 8. e3
Nd7 9. Bc4 e6 10. Qc2 Qe7 11. O-O O-O 12. h3 d5 13. Bd3 Nxg3 14. fxg3 e5 15. e4
f5 16. exd5 e4 17. d6 Qxd6 18. Bc4+ Kh8 19. Nh2 Qxg3 20. Rae1 Nf6 21. Be2 Nd5
22. Nxe4 fxe4 23. Rxf8+ Bxf8 24. Rf1 Bd6 0-1

[Event "12. Obert Int. Sant Marti 2010"]
[Site "Barcelona ESP"]
[Date "2010.07.15"]
[Round "3.12"]
[White "Navarro Alvarez, Antoni"]
[Black "Perpinya Rofes, Lluis Maria"]
[Result "0-1"]
[WhiteElo "2066"]
[BlackElo "2344"]
[PlyCount "26"]
[EventDate "2010.07.13"]
[EventType "swiss"]
[EventRounds "9"]
[EventCountry "ESP"]
[SourceTitle "Ajedrez en Madrid"]
[Source "lmi"]
[SourceDate "2010.07.13"]
[SourceVersion "1"]
[SourceVersionDate "2019.06.18"]
[SourceQuality "1"]

1. b3 e5 2. Bb2 Nc6 3. g3 d5 4. Bg2 Nf6 5. d3 Bc5 6. Nf3 O-O 7. Nxe5 Nxe5 8.
Bxe5 Bxf2+ 9. Kf1 Ng4 10. Qc1 Be3 11. Qb2 d4 12. Bf4 Bxf4 13. gxf4 Ne3+ 0-1

[Event "12. Obert Int. Sant Marti 2010"]
[Site "Barcelona ESP"]
[Date "2010.07.16"]
[Round "4.1"]
[White "Gongora Reyes, Maikel"]
[Black "Gonzalez Garcia, Jose"]
[Result "1/2-1/2"]
[WhiteElo "2451"]
[BlackElo "2508"]
[PlyCount "24"]
[EventDate "2010.07.13"]
[EventType "swiss"]
[EventRounds "9"]
[EventCountry "ESP"]
[SourceTitle "Ajedrez en Madrid"]
[Source "lmi"]
[SourceDate "2010.07.13"]
[SourceVersion "1"]
[SourceVersionDate "2019.06.18"]
[SourceQuality "1"]

1. d4 Nf6 2. c4 e6 3. g3 d5 4. Bg2 dxc4 5. Nf3 Nc6 6. Qa4 Bb4+ 7. Bd2 Nd5 8.
Bxb4 Ndxb4 9. Na3 a6 10. O-O Bd7 11. Qd1 b5 12. b3 cxb3 1/2-1/2

[Event "12. Obert Int. Sant Marti 2010"]
[Site "Barcelona ESP"]
[Date "2010.07.16"]
[Round "4.2"]
[White "Matnadze, Ana"]
[Black "Moskalenko, Viktor"]
[Result "0-1"]
[WhiteElo "2422"]
[BlackElo "2565"]
[PlyCount "88"]
[EventDate "2010.07.13"]
[EventType "swiss"]
[EventRounds "9"]
[EventCountry "ESP"]
[SourceTitle "Ajedrez en Madrid"]
[Source "lmi"]
[SourceDate "2010.07.13"]
[SourceVersion "1"]
[SourceVersionDate "2019.06.18"]
[SourceQuality "1"]

1. d4 e6 2. c4 f5 3. g3 Nf6 4. Bg2 c6 5. Nf3 d5 6. O-O Bd6 7. Bf4 Bxf4 8. gxf4
O-O 9. Nbd2 Ne4 10. Qb3 Qe7 11. Rac1 Nd7 12. Qe3 Kh8 13. Kh1 Ndf6 14. Ne5 Nxd2
15. Qxd2 Ng4 16. Nxg4 fxg4 17. f3 gxf3 18. Rxf3 Bd7 19. Rg3 Rf6 20. c5 Raf8 21.
e3 Be8 22. Rg1 Rg6 23. Bf3 Rxg3 24. hxg3 g5 25. Qh2 Qg7 26. Bh5 Bg6 27. Bxg6
Qxg6 28. Re1 Rf6 29. Qg2 Kg7 30. Kg1 Qd3 31. fxg5 Rf5 32. Qe2 Qxe2 33. Rxe2
Rxg5 34. Kg2 e5 35. b4 h5 36. Kh3 Rg4 37. Rd2 Kf6 38. a4 Kf5 39. Rf2+ Ke4 40.
Rf7 Kxe3 41. dxe5 d4 42. e6 d3 43. Rf4 Rg8 44. e7 Re8 0-1

[Event "12. Obert Int. Sant Marti 2010"]
[Site "Barcelona ESP"]
[Date "2010.07.16"]
[Round "4.3"]
[White "Abreu Delgado, Aryam"]
[Black "Lorenzo De La Riva, Lazaro"]
[Result "1/2-1/2"]
[WhiteElo "2474"]
[BlackElo "2407"]
[PlyCount "93"]
[EventDate "2010.07.13"]
[EventType "swiss"]
[EventRounds "9"]
[EventCountry "ESP"]
[SourceTitle "Ajedrez en Madrid"]
[Source "lmi"]
[SourceDate "2010.07.13"]
[SourceVersion "1"]
[SourceVersionDate "2019.06.18"]
[SourceQuality "1"]

1. e4 c5 2. Nf3 d6 3. d4 cxd4 4. Nxd4 Nf6 5. Nc3 g6 6. Be3 Bg7 7. h3 O-O 8. Qd2
Nc6 9. O-O-O Nxd4 10. Bxd4 Be6 11. Kb1 Rc8 12. g4 b5 13. Bg2 Rc4 14. Qe3 Qa5
15. b3 Rxd4 16. Rxd4 Rc8 17. Nd5 Bxd5 18. exd5 Nd7 19. Rhd1 Qc7 20. R1d2 a5 21.
Re4 a4 22. b4 Bc3 23. Rxe7 Bxd2 24. Qxd2 Qd8 25. Re3 Nb6 26. Bf1 Nc4 27. Bxc4
Rxc4 28. a3 Qf6 29. Qe2 Kg7 30. Rd3 Rf4 31. f3 Rc4 32. Qe3 Rf4 33. h4 h6 34.
Kc1 Rc4 35. Kb1 Qxh4 36. Rc3 Rxc3 37. Qxc3+ Qf6 38. Qd3 h5 39. gxh5 gxh5 40.
Qxb5 Qxf3 41. Qc4 Qf2 42. b5 h4 43. Qb4 Qb6 44. Qg4+ Kf8 45. Qxh4 Qxb5+ 46. Kc1
Qxd5 47. Qxa4 1/2-1/2

[Event "12. Obert Int. Sant Marti 2010"]
[Site "Barcelona ESP"]
[Date "2010.07.16"]
[Round "4.4"]
[White "Perez Mitjans, Orelvis"]
[Black "Mihailovs, Jurijs"]
[Result "1-0"]
[WhiteElo "2424"]
[BlackElo "2405"]
[PlyCount "61"]
[EventDate "2010.07.13"]
[EventType "swiss"]
[EventRounds "9"]
[EventCountry "ESP"]
[SourceTitle "Ajedrez en Madrid"]
[Source "lmi"]
[SourceDate "2010.07.13"]
[SourceVersion "1"]
[SourceVersionDate "2019.06.18"]
[SourceQuality "1"]

1. e4 c5 2. Nf3 a6 3. d4 cxd4 4. Nxd4 Nf6 5. Nc3 e5 6. Nf3 Bb4 7. Bc4 Qc7 8.
Qd3 b5 9. Bb3 Bb7 10. Ng5 O-O 11. Bd2 d6 12. a3 Ba5 13. Ba2 Nbd7 14. b4 Bb6 15.
Bb3 Rac8 16. Rd1 h6 17. h4 Bd4 18. Ne2 hxg5 19. hxg5 Bxe4 20. Qg3 d5 21. gxf6
Nxf6 22. c3 Ba7 23. Qh4 Nh7 24. Bxd5 Bg6 25. Be4 f5 26. Bd5+ Kh8 27. Bg5 Rce8
28. Rd3 Qd7 29. Bg8 Qxd3 30. Bxh7 Qb1+ 31. Bc1 1-0

[Event "12. Obert Int. Sant Marti 2010"]
[Site "Barcelona ESP"]
[Date "2010.07.16"]
[Round "4.7"]
[White "Gonzalez Rodriguez, Jorge A"]
[Black "Rios, Alejandro"]
[Result "1-0"]
[WhiteElo "2409"]
[BlackElo "2308"]
[PlyCount "105"]
[EventDate "2010.07.13"]
[EventType "swiss"]
[EventRounds "9"]
[EventCountry "ESP"]
[SourceTitle "Ajedrez en Madrid"]
[Source "lmi"]
[SourceDate "2010.07.13"]
[SourceVersion "1"]
[SourceVersionDate "2019.06.18"]
[SourceQuality "1"]

1. b3 e5 2. Bb2 Nc6 3. e3 Nf6 4. Bb5 Bd6 5. Bxc6 dxc6 6. d3 Qe7 7. e4 Bg4 8.
Ne2 O-O-O 9. f3 Be6 10. Qd2 Rhg8 11. Nbc3 g5 12. O-O-O Nh5 13. Kb1 Nf4 14. g3
Ng6 15. g4 h5 16. h3 h4 17. Rc1 Bb4 18. Rcd1 Rd7 19. Qc1 Bxc3 20. Bxc3 c5 21.
Bd2 f6 22. Be3 b6 23. Rd2 Rgd8 24. Rhd1 c6 25. c3 Kb7 26. Qb2 Rd6 27. a3 R8d7
28. b4 Qd8 29. Kc2 c4 30. d4 Ka8 31. b5 cxb5 32. Qxb5 Bf7 33. a4 Qe7 34. a5 Nf4
35. Nxf4 exf4 36. Bf2 Rc7 37. d5 Be8 38. Qb4 bxa5 39. Qxa5 Qd8 40. Ra1 Qb8 41.
Kc1 Rb7 42. Rda2 Rdd7 43. Bd4 Rf7 44. Qc5 Bb5 45. Ra5 Rfc7 46. Qd6 Rd7 47. Qc5
Rdc7 48. Qb4 Rf7 49. d6 Qe8 50. Qc5 a6 51. Rxa6+ Bxa6 52. Rxa6+ Kb8 53. Qa3 1-0

[Event "12. Obert Int. Sant Marti 2010"]
[Site "Barcelona ESP"]
[Date "2010.07.16"]
[Round "4.10"]
[White "Oms Fuentes, Lluis"]
[Black "Lasinskas, Povilas"]
[Result "0-1"]
[WhiteElo "2360"]
[BlackElo "2180"]
[PlyCount "120"]
[EventDate "2010.07.13"]
[EventType "swiss"]
[EventRounds "9"]
[EventCountry "ESP"]
[SourceTitle "Ajedrez en Madrid"]
[Source "lmi"]
[SourceDate "2010.07.13"]
[SourceVersion "1"]
[SourceVersionDate "2019.06.18"]
[SourceQuality "1"]

1. e4 e5 2. Nf3 Nc6 3. d4 exd4 4. Nxd4 Bc5 5. Nb3 Bb6 6. a4 a6 7. Nc3 Nge7 8.
Bg5 f6 9. Bf4 O-O 10. Bc4+ Kh8 11. O-O d6 12. Qd2 Ne5 13. Be2 N7g6 14. Be3 Bxe3
15. Qxe3 f5 16. f4 Nc6 17. Bd3 fxe4 18. Nxe4 Bf5 19. Ng5 Bxd3 20. Qxd3 Qf6 21.
Qh3 h6 22. Ne6 Rf7 23. f5 Nf8 24. c3 Re7 25. Nf4 Qg5 26. Nd5 Rf7 27. Rae1 Ne5
28. Nd4 Re8 29. Re3 c5 30. Nb3 Nh7 31. Nd2 Qd8 32. Rg3 Nd7 33. Nf4 Ng5 34. Qh5
Nf6 35. Qg6 Qd7 36. Nf3 Ngh7 37. Ne6 Nf8 38. Nxf8 Rfxf8 39. Nh4 Re4 40. Nf3
Rfe8 41. b3 R8e7 42. c4 d5 43. cxd5 Qxd5 44. h3 Re3 45. Nh2 Qxb3 46. Rgf3 Rxf3
47. Nxf3 Qxa4 48. Qg3 Qb3 49. Qb8+ Re8 50. Qc7 Qe3+ 51. Kh2 Qe7 52. Qg3 Ne4 53.
Qg4 Qd6+ 54. Kg1 Qg3 55. Qh5 Nf6 56. Qg6 Qxg6 57. fxg6 b5 58. g4 c4 59. g5 hxg5
60. Nxg5 c3 0-1

[Event "12. Obert Int. Sant Marti 2010"]
[Site "Barcelona ESP"]
[Date "2010.07.17"]
[Round "5.1"]
[White "Moskalenko, Viktor"]
[Black "Gongora Reyes, Maikel"]
[Result "0-1"]
[WhiteElo "2565"]
[BlackElo "2451"]
[PlyCount "84"]
[EventDate "2010.07.13"]
[EventType "swiss"]
[EventRounds "9"]
[EventCountry "ESP"]
[SourceTitle "Ajedrez en Madrid"]
[Source "lmi"]
[SourceDate "2010.07.13"]
[SourceVersion "1"]
[SourceVersionDate "2019.06.18"]
[SourceQuality "1"]

1. d4 d5 2. c4 c6 3. Nc3 Nf6 4. e3 a6 5. Nf3 b5 6. c5 g6 7. Ne5 Bg7 8. f4 O-O
9. Be2 Be6 10. Bd2 a5 11. O-O Ne4 12. Be1 f6 13. Nd3 Nd7 14. g4 f5 15. g5 h6
16. h4 hxg5 17. hxg5 Kf7 18. Kg2 Rh8 19. Bg3 Qc7 20. Nf2 Nxg3 21. Kxg3 Rh7 22.
Rh1 Rxh1 23. Qxh1 Rh8 24. Qg2 Kg8 25. Nd3 Bf7 26. Bf3 e5 27. dxe5 Nxe5 28. Nxe5
Bxe5 29. Qd2 Qe7 30. Kg2 Qxg5+ 31. Kf1 Qg3 32. Qg2 Qxg2+ 33. Bxg2 Bf6 34. Rd1
b4 35. Na4 Kg7 36. b3 Re8 37. Kf2 Bh4+ 38. Ke2 g5 39. Rh1 Bh5+ 40. Bf3 Bxf3+
41. Kxf3 g4+ 42. Ke2 Bg3 0-1

[Event "12. Obert Int. Sant Marti 2010"]
[Site "Barcelona ESP"]
[Date "2010.07.17"]
[Round "5.3"]
[White "Lorenzo De La Riva, Lazaro"]
[Black "Martinez Duany, Lelys Stanley"]
[Result "0-1"]
[WhiteElo "2407"]
[BlackElo "2510"]
[PlyCount "224"]
[EventDate "2010.07.13"]
[EventType "swiss"]
[EventRounds "9"]
[EventCountry "ESP"]
[SourceTitle "Ajedrez en Madrid"]
[Source "lmi"]
[SourceDate "2010.07.13"]
[SourceVersion "1"]
[SourceVersionDate "2019.06.18"]
[SourceQuality "1"]

1. e4 c5 2. Nf3 Nc6 3. d4 cxd4 4. Nxd4 g6 5. Nc3 Bg7 6. Be3 Nf6 7. Bc4 Qa5 8.
O-O d6 9. h3 O-O 10. Bb3 Bd7 11. Re1 Rac8 12. Nd5 Rfe8 13. Bd2 Qa6 14. Bc3 Nxd5
15. exd5 Ne5 16. Ne2 Bb5 17. Kh1 Bxe2 18. Rxe2 Rxc3 19. bxc3 Qa5 20. Qe1 Bf6
21. Rd1 Rc8 22. f4 Nd7 23. Rxe7 Bxe7 24. Qxe7 Nc5 25. f5 Qd8 26. Qe3 Qf6 27.
fxg6 hxg6 28. Bc4 Rc7 29. Re1 Kg7 30. Bb5 a6 31. Be8 Kg8 32. Kg1 Qh4 33. g3 Qf6
34. h4 Qf5 35. Qd4 Qxc2 36. h5 gxh5 37. Qf6 Qg6 38. Qxg6+ fxg6 39. Bxg6 Na4 40.
Bxh5 Rxc3 41. g4 Nc5 42. Re8+ Kg7 43. Rd8 Ne4 44. Re8 Ng5 45. Rd8 Ne4 46. Re8
Nc5 47. Kh2 Kf6 48. Rg8 Ne4 49. Bg6 Ng5 50. Bb1 Nf3+ 51. Kg2 Nh4+ 52. Kf2 Rf3+
53. Ke2 Rg3 54. Re8 Kg5 55. Re6 Rg2+ 56. Kd1 Rb2 57. Kc1 Rb6 58. a4 a5 59. Re8
Kxg4 60. Ra8 Kf4 61. Rxa5 Ke5 62. Bd3 Nf3 63. Kc2 Kd4 64. Bb5 Ne5 65. Ra8 Kxd5
66. Kc3 Kc5 67. Rc8+ Nc6 68. Rh8 Na7 69. Bd7 d5 70. Rh5 Rg6 71. Rh3 Nc6 72. Bc8
b6 73. Bb7 Na5 74. Ba6 Rg4 75. Bb5 Rb4 76. Rh6 Rb3+ 77. Kc2 Rg3 78. Rf6 d4 79.
Rf5+ Kb4 80. Rd5 Nb3 81. Rd6 Rg2+ 82. Kd3 Kc5 83. Rh6 Rg3+ 84. Ke4 d3 85. Rc6+
Kb4 86. Bxd3 Nc5+ 87. Kf4 Rxd3 88. Rxb6+ Kxa4 89. Rb8 Na6 90. Rb6 Nb4 91. Ke4
Rd8 92. Rb7 Kb3 93. Rb6 Kc4 94. Ke5 Kc5 95. Rh6 Re8+ 96. Re6 Nc6+ 97. Kf6 Rf8+
98. Kg5 Kd5 99. Rf6 Re8 100. Rf5+ Ne5 101. Rf1 Rg8+ 102. Kh4 Nd3 103. Rf5+ Ke4
104. Rg5 Rf8 105. Kg3 Rf3+ 106. Kg2 Nf4+ 107. Kh1 Ke3 108. Ra5 Kf2 109. Ra2+
Kg3 110. Ra1 Rd3 111. Kg1 Rd2 112. Kf1 Rf2+ 0-1

[Event "12. Obert Int. Sant Marti 2010"]
[Site "Barcelona ESP"]
[Date "2010.07.17"]
[Round "5.4"]
[White "Gonzalez Perez, Arian"]
[Black "Abreu Delgado, Aryam"]
[Result "0-1"]
[WhiteElo "2403"]
[BlackElo "2474"]
[PlyCount "80"]
[EventDate "2010.07.13"]
[EventType "swiss"]
[EventRounds "9"]
[EventCountry "ESP"]
[SourceTitle "Ajedrez en Madrid"]
[Source "lmi"]
[SourceDate "2010.07.13"]
[SourceVersion "1"]
[SourceVersionDate "2019.06.18"]
[SourceQuality "1"]

1. d4 Nf6 2. Nf3 g6 3. Nc3 d5 4. Bf4 Bg7 5. e3 O-O 6. Be2 c5 7. Ne5 Nc6 8. O-O
cxd4 9. exd4 Qb6 10. Nxc6 Qxc6 11. Bb5 Qb6 12. a4 Qd8 13. Re1 Bd7 14. Bg5 Bc6
15. Qd2 Re8 16. Ra3 Rc8 17. h3 Qd7 18. Bd3 a6 19. a5 e6 20. Bh6 Bh8 21. Bf4 Nh5
22. Be5 f6 23. Bh2 e5 24. dxe5 fxe5 25. g4 Nf4 26. Bxf4 exf4 27. Raa1 Be5 28.
Bf1 f3 29. Qg5 Bb8 30. Qh4 Qd6 31. Qg3 Qxg3+ 32. fxg3 Bxg3 33. Rxe8+ Rxe8 34.
Kh1 d4 35. Bc4+ Kg7 36. Nd5 f2 37. Kg2 Bh4 38. Ra3 Re1 39. Rf3 Bxd5 40. Bxd5
Rg1+ 0-1

[Event "12. Obert Int. Sant Marti 2010"]
[Site "Barcelona ESP"]
[Date "2010.07.17"]
[Round "5.5"]
[White "Lasinskas, Povilas"]
[Black "Rojas Keim, Luis"]
[Result "0-1"]
[WhiteElo "2180"]
[BlackElo "2437"]
[PlyCount "96"]
[EventDate "2010.07.13"]
[EventType "swiss"]
[EventRounds "9"]
[EventCountry "ESP"]
[SourceTitle "Ajedrez en Madrid"]
[Source "lmi"]
[SourceDate "2010.07.13"]
[SourceVersion "1"]
[SourceVersionDate "2019.06.18"]
[SourceQuality "1"]

1. d4 Nf6 2. c4 e6 3. Nc3 Bb4 4. Qc2 d5 5. Bg5 dxc4 6. Qa4+ Nc6 7. e3 Bd7 8.
Rc1 a6 9. Nf3 b5 10. Qc2 Be7 11. Be2 Nd5 12. Bxe7 Qxe7 13. O-O Ncb4 14. Qb1
Nxc3 15. bxc3 Nd5 16. Rfe1 O-O 17. e4 Nf4 18. Bf1 Ng6 19. g3 e5 20. h4 Bg4 21.
Nh2 Qd7 22. Qb4 Rfe8 23. a4 Rab8 24. axb5 axb5 25. Ra1 exd4 26. cxd4 Bh3 27.
Bxh3 Qxh3 28. Ra7 c6 29. Qc5 Rbc8 30. Re3 Qe6 31. Nf3 h6 32. h5 Nf8 33. Nh4 Nd7
34. Qa3 c5 35. d5 Qh3 36. Nf5 Ne5 37. Ne7+ Rxe7 38. Rxe7 Qxh5 39. Qa6 Rf8 40.
Rxe5 Qxe5 41. Qxb5 Qd4 42. Qb7 c3 43. Qb3 Ra8 44. Kg2 Ra1 45. Qb7 c2 46. e5 Qg4
47. e6 c1=Q 48. exf7+ Kh7 0-1